000 00633nam a22001697a 4500
005 20251108164319.0
008 250721s9999 xx 000 0 ara d
082 1 4 _a660.2/شري
100 1 _aالشريفي، طالب حسين
245 1 0 _aالكيمياء الهندسية للصفوف الأولى في قسم الهندسة المدنية /
264 1 _aبغداد :
_bوزارة التعليم العالي و البحث العلمي - جامعة بغداد،
_c[19-].
300 _a352ص
650 1 7 _aالهندسة الكيميائية
700 1 _aعبد المجيد، يحيى
942 _2ddc
_cBK
999 _c9089
_d9089